German in record time

Sábháilte in:
Sonraí bibleagrafaíochta
Príomhchruthaitheoir: Regensteiner, German
Formáid: LEABHAR
Teanga:Undetermined
Foilsithe / Cruthaithe: Estados Unidos ILS 1958
Ábhair:
Clibeanna: Cuir clib leis
Níl clibeanna ann, Bí ar an gcéad duine le clib a chur leis an taifead seo!

MARC

LEADER 00000nam a2200000Ia 4500
008 170316s9999 xx 000 0 und d
090 |a 415-A R-1g 
100 |a Regensteiner, German 
245 |a German in record time 
260 |a Estados Unidos 
260 |b ILS 
260 |c 1958 
300 |a 128 páginas 
650 |a GRAMÁTICA ALEMANA 
999 |c 18863  |d 18863 
040 |a cru BVZT 
942 |c 15 D  |h 415-A R-1g  |2 z